000 01049nam a22003137a 4500
003 EG-ScBUE
005 20220419125810.0
008 090825s1994 enk f 000 0 eng d
020 _a0582550440
020 _a9780582550445
040 _aEG-ScBUE
_beng
_erda
_cEG-ScBUE
_dEG-ScBUE
082 0 4 _222
_a401.9
_bERR
245 _aError analysis:
_bperspectives on second language acquisition /
_cEdited by Jack C. Richards.
250 _aThirteenth impression.
264 1 _aLondon ;
_aNew York :
_bLongman,
_c1994.
300 _axi, 228 pages ;
_c19 cm.
336 _2rdacontent
_atext
_btxt
337 _2rdamedia
_aunmediated
_bn
338 _2rdacarrier
_avolume
_bnc
490 0 _aApplied linguistics and language study
650 7 _95953
_aLanguage and languages
_xStudy and teaching.
_2BUEsh
650 7 _98626
_aPsycholinguistics.
_2BUEsh
650 7 _98627
_aLinguistics.
_2BUEsh
651 _2BUEsh
653 _bHHUUEENN
_cApril2022
655 _vReading book
_934232
700 1 _aRichards, Jack C.,‏
_d1943-
_eeditor.
942 _2ddc
_cBB
999 _c12696
_d12696